书目信息 |
| 题名: |
进攻
|
|
| 作者: | 西多连科 著 ;解放军军事科学院 译 | |
| 分册: | ||
| 出版信息: | 上海 上海译文出版社 1978 |
|
| 页数: | 220页 | |
| 开本: | 20cm | |
| 丛书名: | ||
| 单 册: | ||
| 中图分类: | E8 | |
| 科图分类: | ||
| 主题词: | 进攻战斗--研究--苏联 , 战略 , 战役 , 战术 | |
| 电子资源: | ||
| ISBN: | ||
| 000 | 00818nam0 2200289 45 | |
| 001 | 0178003970 | |
| 005 | 20060522092352.78 | |
| 010 | @dCNY0.68 | |
| 091 | @a5188.2 | |
| 100 | @a19950714d1978 em y0chiy0121 ea | |
| 101 | 1 | @achi@crus |
| 102 | @aCN@b310000 | |
| 105 | @ay z 000yy | |
| 200 | 10 | @a进攻@Ajin gong@f(苏)А·А·西多连科著@F(su)А·А·xi duo lian ke zhu@g中国人民解放军军事科学院译 |
| 210 | @a上海@c上海译文出版社@d1978 | |
| 215 | @a220页@d20cm | |
| 300 | @a内部发行 | |
| 510 | 1 | @aНаступление@zrus |
| 606 | @a进攻战斗@x研究@y苏联 | |
| 606 | 0 | @a战略 |
| 606 | 0 | @a战役 |
| 606 | 0 | @a战术 |
| 690 | @aE8@v3 | |
| 701 | 0 | @a西多连科@Axi duo lian ke@4著 |
| 712 | 02 | @a解放军军事科学院@Ajie fang jun jun shi ke xue yuan@4译 |
| 801 | 0 | @aCN@bTSSF@c20060522 |
| 905 | @a10447@dE8@e1 | |
| 进攻/(苏)А·А·西多连科著/中国人民解放军军事科学院译.-上海:上海译文出版社,1978 |
| 220页;20cm |
| 内部发行 |
| ISBN :CNY0.68 |
| ● |
| 相关链接 |
|
|
|
|
正题名:进攻
索取号:E8/1
 
预约/预借
| 序号 | 登录号 | 条形码 | 馆藏地/架位号 | 状态 | 备注 |
| 1 | 0002521 | 202362308 | 密集书库/ [索取号:E8/1] | 在馆 |